000 00394 a2200169 4500
001 13538
020 _a9788526014220
040 _cAnchieta - Aquarius
100 _aHeine, Helme
240 1 0 _aO mais fantástico ovo do mundo
_lpor
245 1 0 _aO mais fantástico ovo do mundo
300 _a35
362 0 _a2011
440 1 _aGlobal
650 4 _aLiteratura infanto-juvenil
942 _cBK
999 _c13538
_d13538